000 01749nam a2200361 i 4500
001 768714001
003 CO-MdFUSB
005 20201214110550.0
007 ta
008 880130t19821982cau 000 0 eng d
010 _a81014566
020 _a0866839518
040 _aPSV
_cCO-MdFUSB
_dCAP
_dCO-MdFUSB
_dUtOrBLW
_bspa
_erda
041 _aeng
082 _223
_a253.53
_bB281
090 _aBX2350.7
100 1 _aBarry, William A.
_eautor
245 1 4 _aThe practice of spiritual direction
_c/ William A. Barry , William J. Connolly.
264 1 _aSan Francisco :
_bHarper & Row,
_c[1982]
264 4 _c© 1982
300 _axii, 211 páginas ;
_c21 cm.
336 _atexto
_btxt
_2rdacontent.
337 _asin mediación
_bn
_2rdamedia.
338 _avolumen
_bnc
_2rdacarrier.
504 _aBibliografía (páginas 210-211)
505 _aIntroduciendo la dirección espiritual. ¿Qué es la dirección espiritual? -- La centralidad de la experiencia religiosa. -- Fomentar la relación entre el director y el Señor. La relación entre Dios y los individuos. -- Fomentar la actitud contemplativa. -- Ayudar a una persona a notar y compartir con el Señor hechos internos clave. -- Desarrollo de la relación y resistencia. -- Criterios para evaluar la experiencia religiosa. -- Aspectos de la relación entre el director y el director . Convertirse en un director espiritual. -- La base de la relación entre el director y el dirigido. -- Alteraciones en la relación entre el director y el dirigido -- Supervisión en la dirección espiritual. -- Conclusión.
563 _aRústico
650 0 _aVida espiritual
_951
700 1 _aConnolly, William J.
_eautor
942 _cBK
945 _aJTF-925
999 _c66126
_d66126